Statistics for Kirby Trivia #2

Click here to take the quiz!

General Stats

  • This quiz has been taken 7 times
  • The average score is 4 of 11

Answer Stats

HintAnswer% Correct
Who voices Dedede in smash?Sakurai
67%
Level 55 from Kirby's Dreamland 2 resembles what?A Naked Woman
50%
What Kirby game has the first American box art to feature a happy Kirby since Kirby and the Rainbow Curse?Kirby Star Allies
50%
What iconic dance does Kirby do during the victory dance in Kirby's Return to Dreamland?Moonwalk
50%
Kirby Super Star was originally going to be called what?Kirby of the Stars: Active
33%
Kirby shares a voice actress with who?Ness
33%
What do Kirby Canvas Curse's levels spell out?Rainbow
33%
What Kirby appeared in only the first Kirby game, but then went on to be a Smash item 15 years later?Super Spicy Kirby
33%
Sakurai used what console to control an on-screen keyboard when creating Kirby's Dreamland?Twin Famicom
33%
What height is Kirby in his own games?eight inches
17%
How many copy abilities were first designed?over 40
17%

Score Distribution

Percentile by Number Answered

Percent of People with Each Score

Your Score History

You have not taken this quiz